Serie A - Coppa Italia Champions - Statistics

General Stats
  • This quiz has been taken 62 times
  • The average score is 13 of 16
Answer Stats
Trophies Last Victory Team % Correct
5 2003 AC Milan
100%
9 2023 FC Internazionale Milano
100%
15 2021 Juventus FC
100%
6 2020 SSC Napoli
98%
9 2008 AS Roma
96%
7 2019 SS Lazio
96%
6 2001 ACF Fiorentina
90%
5 1993 Torino FC
88%
3 2025 Bologna FC
87%
1 1963 Atalanta Bergamasca Calcio
85%
3 2002 Parma Calcio
85%
1 1937 Genoa CFC
83%
4 1994 UC Sampdoria
79%
1 1997 L.R. Vicenza
44%
1 1941 Venezia FC
40%
1 1922 Vado FC
19%
No matching quizzes found
Score Distribution
Percent of People with Each Score
Percentile by Number Answered
Your Score History
You have not taken this quiz